Top 5 European Leagues Top Clean Sheets: 2006/07 - Statistics

General Stats
  • This quiz has been taken 2 times
  • The average score is 9 of 34
Answer Stats
League Clean Sheets Club Nationality Player % Correct
Premier League 12 Manchester United Netherlands Edwin van der Sar
100%
Bundesliga 10 Hamburg Germany Frank Rost
100%
Premier League 19 Liverpool Spain Pepe Reina
100%
Premier League 13 Chelsea Czechia Petr Cech
100%
Premier League 14 Everton USA Tim Howard
100%
Bundesliga 13 Stuttgart Germany Timo Hildebrand
100%
Premier League 12 Portsmouth England David James
50%
Serie A 13 Milan Brazil Dida
50%
Bundesliga 13 Schalke Germany Manuel Neuer
50%
Bundesliga 10 Hannover Germany Robert Enke
50%
La Liga 12 Valencia Spain Santiago Canizares
50%
La Liga 15 Barcelona Spain Victor Valdes
50%
La Liga 12 Sevilla Spain Andres Palop
0%
Serie A 13 Lazio Italy Angelo Peruzzi
0%
La Liga 13 Zaragoza Spain Cesar Sanchez
0%
Ligue 1 15 Lens Cameroon Charles Itandje
0%
Serie A 14 Torino Italy Christian Abbiati
0%
Serie A 13 Empoli Italy Daniele Balli
0%
Serie A 13 Roma Brazil Doni
0%
La Liga 16 Coruna Israel Dudu Aouate
0%
Ligue 1 15 Lyon France Gregory Coupet
0%
La Liga 12 Huelva Spain Javier Lopez Vallejo
0%
Premier League 12 Bolton Finland Jussi Jaaskelainen
0%
La Liga 12 Atletico Madrid Argentina Leo Franco
0%
Premier League 13 Reading USA Marcus Hahnemann
0%
Ligue 1 16 Auxerre France Olivier Sorin
0%
Bundesliga 12 Nurnburg Germany Raphael Schafer
0%
La Liga 15 Getafe Argentina Roberto Abbondanzieri
0%
La Liga 12 Villarreal Uruguay Sebastian Viera
0%
Serie A 19 Fiorentina France Sebastien Frey
0%
Ligue 1 16 Rennes France Simon Pouplin
0%
Premier League 12 Aston Villa Denmark Thomas Sorensen
0%
Bundesliga 10 Werder Bremen Germany Tim Wiese
0%
Ligue 1 17 Bordeaux France Ulrich Rame
0%
No matching quizzes found
Score Distribution
Percent of People with Each Score
Percentile by Number Answered
Your Score History
You have not taken this quiz